Dallas Mavericks 2024-2025 Roster - Statistics

General Stats
  • This quiz has been taken 96 times
    40 since last reset
  • The average score is 11 of 17
Answer Stats
Jersey # Answer % Correct
11 Kyrie Irving
89%
3 Anthony Davis
86%
21 Daniel Gafford
82%
2 Dereck Lively II
82%
7 Dwight Powell
79%
31 Klay Thompson
79%
00 Max Christie
79%
13 Naji Marshall
75%
25 P.J. Washington
75%
0 Dante Exum
64%
1 Jaden Hardy
61%
10 Brandon Williams
57%
16 Caleb Martin
57%
26 Spencer Dinwiddie
54%
8 Oliver-Maxence Prosper
43%
20 Kessler Edwards
39%
50 Kylor Kelley
18%
No matching quizzes found
Score Distribution
Percent of People with Each Score
Percentile by Number Answered
Your Score History
You have not taken this quiz since the last reset